|
|
|
|
| LEADER |
01865nam a2200397 a 4500 |
| 001 |
45766 |
| 003 |
BD-DhAAL |
| 005 |
20260514175042.0 |
| 008 |
260514t19951998cauabf b 001 0 eng |
| 010 |
|
|
|a 94006118
|
| 020 |
|
|
|a 0520086147
|
| 020 |
|
|
|a 9780520086142
|
| 020 |
|
|
|a 9780520213616
|
| 035 |
|
|
|a 651351
|
| 040 |
|
|
|a DLC
|c DLC
|d DLC
|d BD-DhAAL
|
| 043 |
|
|
|a a-ja---
|a a-kr---
|
| 050 |
0 |
0 |
|a DS882
|b .D88 1995
|
| 082 |
0 |
0 |
|a 951.902
|2 20
|
| 100 |
1 |
|
|a Duus, Peter,
|d 1933-
|9 60806
|
| 245 |
1 |
4 |
|a The abacus and the sword :
|b the Japanese penetration of Korea, 1895-1910 /
|c Peter Duus.
|
| 246 |
3 |
0 |
|a The abacus and the sword
|
| 260 |
|
|
|a Berkeley :
|b University of California Press,
|c c1995.
|g (1998 printing)
|
| 300 |
|
|
|a xiv, 480 p., [13] p. of plates :
|b ill., map ;
|c 23 cm
|
| 490 |
1 |
|
|a Twentieth-century Japan : the emergence of a world power ;
|v 4
|
| 500 |
|
|
|a "A Philip E. Lilienthal book"--P. [ii].
|
| 500 |
|
|
|a First paperback printing 1998
|
| 504 |
|
|
|a Includes bibliographical references (p. 439-459) and index.
|
| 651 |
|
0 |
|a Japan
|x History
|y Meiji period, 1868-1912.
|9 60785
|
| 651 |
|
0 |
|a Korea
|x History
|y 1864-1910.
|9 60807
|
| 651 |
|
0 |
|a Japan
|x Relations
|z Korea.
|9 60808
|
| 651 |
|
0 |
|a Korea
|x Relations
|z Japan.
|9 60809
|
| 830 |
|
0 |
|a Twentieth-century Japan : the emergence of a world power ;
|v 4
|9 60810
|
| 852 |
1 |
|
|a Ayesha Abed Library
|c General Stacks
|
| 942 |
|
|
|2 ddc
|c BK
|
| 999 |
|
|
|c 47970
|d 47970
|
| 952 |
|
|
|0 0
|1 0
|2 ddc
|4 0
|6 951_902000000000000_DUU
|7 0
|9 79217
|a BRACUL
|b BRACUL
|d 2026-05-14
|e Donated by Embassy of Japan in Bangladesh, Read Japan Project 2025, The Tokyo Foundation, supported by The Nippon Foundation.
|l 0
|o 951.902 DUU
|p 3010045766
|r 2026-05-14
|t 1
|w 2026-05-14
|y BK
|x Donated copy received from Embassy of Japan in Bangladesh, Read Japan Project 2025, The Tokyo Foundation, supported by The Nippon Foundation on 08 April 2026; $22.00
|